| 000 | 00400 a2200157 4500 | ||
|---|---|---|---|
| 999 |
_c6110 _d6110 |
||
| 020 | _a1779030665 | ||
| 050 | _aTX 167 NYA 1993 | ||
| 100 |
_aNyagura, S _eauthor |
||
| 245 |
_aStep in primary home economics / _cS. Nagura & S Moyo |
||
| 264 |
_aHarare : _bLongman _c1993 |
||
| 300 |
_a67p. : _bill. |
||
| 500 | _aText | ||
| 650 | _aHome economics | ||
| 700 | _aMoyo, S. | ||
| 942 |
_2lcc _cBK _h167 _iNYA _kTX |
||